00282nam a22000977a 4500003000400000082001900004100003600023245005900059260005800118300000800176SGT a891.4309bJ76J aजैन, बलभद्र  aजैनधर्म का सही परिचय bकुन्दकुन्द भारती c1976 a394